Rutas de Campo : número 1, enero-marzo 2014 : Estudiosos de Guerrero : semblanzas /
Guardado en:
| Otros autores: | |
|---|---|
| Formato: | Libro |
| Idioma: | Español |
| Publicado: |
México :
INAH,
2014
|
| Colección: | (Rutas de Campo ;
1) |
| Temas: | |
| Etiquetas: |
Sin etiquetas, Sé el primero en etiquetar este registro!
|
MARC
| LEADER | 00000nam^a2200000^a^4500 | ||
|---|---|---|---|
| 001 | 000631658 | ||
| 005 | 20260514000000.0 | ||
| 009 | 20260526154610.957 | ||
| 037 | |a Acervo ITESO - Biblioteca | ||
| 041 | |a ESP | ||
| 082 | |a 300. 5 |b RUT V. 1 | ||
| 240 | 1 | 1 | |a [Rutas de Campo] |
| 245 | 0 | 0 | |a Rutas de Campo : |b número 1, enero-marzo 2014 : Estudiosos de Guerrero : semblanzas / |c Dir. de D. Prieto Hernández. |
| 264 | 1 | |a México : |b INAH, |c 2014 | |
| 300 | |a 112 p. | ||
| 336 | |a texto |b txt |2 rdacontenido | ||
| 337 | |a sin mediación |b n |2 rdamedio | ||
| 338 | |a volumen |b nc |2 rdasoporte | ||
| 440 | 1 | |a (Rutas de Campo ; |v 1) | |
| 649 | |a XX | ||
| 650 | |a Antropología - |x Publicaciones Periódicas - |x Tema Principal | ||
| 650 | |a Publicaciones Periódicas Mexicanas | ||
| 650 | |a Publicaciones Periódicas | ||
| 700 | |a Prieto Hernández, Diego |e (dirección) | ||
| 910 | |a Fondo Castillo-Martínez | ||
| 920 | |a Impresos - Libros | ||
| 930 | |a Fondos Especiales | ||
| 905 | |a 127 | ||
| 901 | |a 631658-10 |b IT2 |c ESP |i D125047 |u 20260514 | ||
| 902 | |a https://opac.biblio.iteso.mx/vufind/Record/000631658 | ||